| 000 | 00553nam a2200193 a 4500 | ||
|---|---|---|---|
| 005 | 20230311063750.0 | ||
| 008 | 991125s1971 es 000 0 spa u | ||
| 035 | _aUPN01000004854 | ||
| 049 | _aCG | ||
| 050 | 4 |
_aQB500 _bV5.38 |
|
| 100 | 1 | _aVives, Teodoro J. | |
| 245 | 1 | 0 |
_aAstronomía de posición : _bespacio y tiempo / _cTeodoro J. Vives. |
| 260 |
_aMadrid : _bAlhambra, _c1971. |
||
| 300 |
_avii, 372 p. : _bil. |
||
| 440 | 0 |
_aEXEDRA. _pSección X matemáticas ; _v6 |
|
| 650 | 2 |
_aEspacio y tiempo _94017 |
|
| 650 | 2 |
_aTiempo _914139 |
|
| 905 | _aLibro | ||
| 999 |
_c4854 _d4854 |
||